000 00572nam a2200169Ia 4500
008 090711s9999 xx 000 0 und d
082 _b42725
100 _aSोंदवणकर सदानंद
245 _aभारतीय सण आणि उत्सव
260 _c1966
300 _a263
600 _aSोंदवणकर सदानंद
630 _aभारतीय सण आणि उत्सव
700 _aSोंदवणकर सदानंद
730 _aभारतीय सण आणि उत्सव
942 _cBOOK
999 _c287969
_d287969